000
00341nam a2200145Ia 4500
008
150201s2009 xx 000 0 und d
082
_a
610.7367
_b
M09B
100
_a
BLACK , JOYCE M.
245
_a
MEDICAL SURGICAL NURSING -2
250
_a
8TH
260
_b
ELSEVIER
_a
INDIA
_c
2009
300
_a
2218
650
_a
SURGERY
942
_2
ddc
_c
BK
999
_c
1963
_d
1963